Country Borders by Shared Letter - Statistics

General Stats
  • This quiz has been taken 1,886 times
    1,809 since last reset
  • The average score is 16 of 21
Answer Stats
Country Bordering Country % Correct
S(p)ain (P)ortugal
100%
E(c)uador (C)olombia
90%
Lib(y)a Eg(y)pt
89%
Finlan(d) Swe(d)en
87%
Thailan(d) Cambo(d)ia
84%
Belgi(u)m L(u)xembo(u)rg
83%
S(y)ria Turke(y)
77%
Ve(n)ezuela Guya(n)a
76%
Belaru(s) Ru(s)(s)ia
76%
R(o)mania M(o)ld(o)va
75%
(B)enin (B)urkina Faso
74%
(E)gypt Isra(e)l
73%
Senega(l) Ma(l)i
72%
(S)lovenia Au(s)tria
71%
U(g)anda D.R.Con(g)o
69%
Hondura(s) El (S)alvador
69%
Saudi Ara(b)ia United Ara(b) Emirates
67%
Fran(c)e Mona(c)o
66%
Mozambiq(u)e So(u)th Africa
64%
Tu(r)kmenistan I(r)an
62%
Afg(h)anistan C(h)ina
54%
No matching quizzes found
Score Distribution
Percent of People with Each Score
Percentile by Number Answered
Your Score History
You have not taken this quiz since the last reset